Le fatiche di Valentina /

Salvato in:
Dettagli Bibliografici
Autore principale: Petrosino, Angelo
Altri autori: Petrone, Valeria
Natura: Libro
Lingua:italiano
Pubblicazione: Casale Monferrato : Piemme junior, 1995
Edizione:5. ed
Serie:Il battello a vapore. Serie arancio ; 16
Tags: Aggiungi Tag
Nessun Tag, puoi essere il primo ad aggiungerne!!

MARC

LEADER 00000nam a22000007i 4500
001 IT\ICCU\PBE\0055015
003 ItRI
005 20241015103055.0
008 140510s1995 it |||||| ||||| |||||c
020 |a 8838436169 
040 |b ita  |c CDM 
041 7 |a ita  |2 ISO-639-2 
100 1 |a Petrosino, Angelo  |0 IT\ICCU\RAVV\045218 
245 1 3 |a Le fatiche di Valentina /  |c Angelo Petrosino ; illustrazioni di Valeria Petrone. 
250 |a 5. ed 
260 |a Casale Monferrato :  |b Piemme junior,  |c 1995 
300 |a 175 p. :  |b ill. ;  |c 19 cm 
700 1 |a Petrone, Valeria  |0 IT\ICCU\VIAV\096613 
830 3 |a Il battello a vapore. Serie arancio ;  |v 16  |0 IT\ICCU\RAV\0206861 
942 |2 ddc  |c BK 
952 |0 0  |1 0  |2 ddc  |4 0  |6 853_914000000000000_PET_FAT  |7 1  |9 2125  |a RA  |b RA  |d 2024-10-15  |l 0  |o 853.914 PET FAT  |p 9644  |r 2024-10-15 10:31:37  |w 2024-10-15  |y BK  |z Sezione ragazz3 
981 1 |6 z01  |a i   |b xxxe  
982 1 |6 z01  |a n 
999 |c 1867  |d 1867